| 000 | 00607nam a2200205 i 4500 | ||
|---|---|---|---|
| 001 | 122744 | ||
| 003 | ES-MaACL | ||
| 005 | 20230906192032.0 | ||
| 007 | t| | ||
| 008 | 070214s1967 sp r ||||1| spa d | ||
| 100 | 1 |
_aPuig-Siscar. _994280 |
|
| 245 | 1 | 0 |
_aTécnica aplicada al karate / _cpor Puig-Siscar ; foto Zaina Richard. |
| 260 |
_aBarcelona : _bAlas, _c1967. |
||
| 300 |
_a90 p. : _bil. ; _c16 cm. |
||
| 490 | 1 |
_aColección de Aficiones ; _v12 |
|
| 650 | 0 | 4 |
_aKarate. _914036 |
| 830 | 0 |
_aColección de Aficiones ; _v12 _9218878 |
|
| 852 |
_aES-MaACL _jC-32212 _bR.63015 |
||
| 999 |
_c122744 _d122744 |
||